Sagarra i el personatge verbal : obertura del curs acadèmic 2011-2012 obertura del curs acadèmic 2011-2012
Descripción Física:
26 p. : il., retrat ; 18 cm
Colección:
Lliçons magistrals
MARC
| LEADER | 00000nam a2200000Ia 4500 | ||
|---|---|---|---|
| 001 | 23720 | ||
| 008 | 160829s2013 xx 000 0 cat d | ||
| 080 | |a FU-62-20 | ||
| 100 | 1 | |a Benach, Joan-Anton, |d 1936- |9 20209 | |
| 245 | |a Sagarra i el personatge verbal : |b obertura del curs acadèmic 2011-2012 | ||
| 260 | |a Barcelona : |b Institut del Teatre de la Diputació de Barcelona, |c 2013 | ||
| 300 | |a 26 p. : |b il., retrat ; |c 18 cm | ||
| 490 | |a Lliçons magistrals | ||
| 600 | 1 | 0 | |a Sagarra, Josep M. de, |d 1894-1961 |9 56454 |
| 600 | 1 | 0 | |a Sagarra, Josep M. de, |d 1894-1961 |x Crítica i interpretació |9 56455 |
| 710 | 1 | |a Institut del Teatre (Barcelona, Catalunya) |9 52662 | |
| 901 | |a Arxiu | ||
| 942 | |n 1 |2 udc | ||
| 952 | |0 0 |1 0 |4 0 |6 FU6220 |7 1 |9 55235 |a Arxiu |b Arxiu |d 2016-12-01 |l 0 |o FU-62-20 |p 23720 |r 2016-12-01 00:00:00 |w 2016-12-01 |y ARXIU | ||
| 999 | |c 59107 |d 59107 | ||